| 000 | 00656nam a2200205 i 4500 | ||
|---|---|---|---|
| 001 | 146791 | ||
| 003 | ES-MaACL | ||
| 005 | 20230906201655.0 | ||
| 007 | t| | ||
| 008 | 070917s1969 sp ||||1| spa d | ||
| 080 | _a629.113.011 | ||
| 100 | 1 |
_aTruelsen, Elith. _9111552 |
|
| 245 | 1 | 0 |
_aReparación y conservación de carrocerías / _cElith Truelsen ; traducido del danés por M. Thermolle. |
| 260 |
_aMadrid : _bAtika, _c1969. |
||
| 300 |
_a3 t. 1 v. : _bil. ; _c28 cm. |
||
| 500 | _aEl t. 1º son planos. | ||
| 650 | 1 | 4 |
_aAutomóviles- _xCarrocería- _xReparaciones. _910436 |
| 700 | 1 |
_aThermolle, M. _9109905 |
|
| 852 |
_aES-MaACL _jC-35760 _bR.69344 |
||
| 999 |
_c146791 _d146791 |
||